Mobbing, bossing a staffing v prostredí školy

Konflikty, ako prirodzená súčasť nášho života, sa vyskytujú aj pracovnom prostredí a teda aj v škole. Aj keď konflikty ľudia vnímajú negatívne, konflikty, osobitne na pracovisku, môžu mať pozitívne stránky, napr. vyjasnením si postojov. Ak sa konflikty neriešia, môžu na pracovisku prerásť do vážnejš...

Descrizione completa

Salvato in:
Dettagli Bibliografici
Autore principale: Emmerová, Ingrid
Natura: Capitolo di libro
Lingua:slovacco
Soggetti:
Tags: Aggiungi Tag
Nessun Tag, puoi essere il primo ad aggiungerne!!

MARC

LEADER 00000naa a2200000 4500
001 0242829
005 20250721120527.6
041 0 |a slo 
044 |a SK 
245 1 0 |a Mobbing, bossing a staffing v prostredí školy  |c Ingrid Emmerová 
520 |a Konflikty, ako prirodzená súčasť nášho života, sa vyskytujú aj pracovnom prostredí a teda aj v škole. Aj keď konflikty ľudia vnímajú negatívne, konflikty, osobitne na pracovisku, môžu mať pozitívne stránky, napr. vyjasnením si postojov. Ak sa konflikty neriešia, môžu na pracovisku prerásť do vážnejších problémov ako sú mobbing, bossing a staffing. Definícia jednotlivých termínov, ich následky a prevencia. Empirické zistenia na Slovensku a v Čechách ohľadne mobbinku a bossingu v školách. 
610 2 0 |a hygiena duševná 
610 2 0 |a ochrana zdravia 
610 2 0 |a zariadenia školské 
610 2 0 |a mobbing 
610 2 0 |a vzťahy pracovné 
610 2 0 |a konflikty 
610 2 0 |a bossing 
610 2 0 |a staffing 
100 1 |a Emmerová, Ingrid